[Event "Dundee & Angus Major"]
[Site "?"]
[Date "2015.11.11"]
[Round "5"]
[White "Depasquale, Duncan"]
[Black "Dawson, Euan"]
[Result "0-1"]
[WhiteElo "1140"]
[BlackElo "1322"]
[PlyCount "56"]

1. d4 f5 2. c4 Nf6 3. Nc3 g6 4. Nf3 Bg7 5. g3 d6 6. d5 O-O 7. Bg2 Na6 8. O-O
Nc5 9. Nd2 Rb8 10. Qc2 e5 11. dxe6 Bxe6 12. e4 fxe4 13. Ndxe4 Nfxe4 14. Nxe4
Bf5 15. Re1 Re8 16. f3 Qe7 17. g4 Bxe4 18. fxe4 Qh4 19. Qe2 Bd4+ 20. Kh1 Nd3
21. Bg5 $11 Nf2+ 22. Kg1 Nxg4+ 23. Be3 Qxh2+ 24. Kf1 Nxe3+ 25. Qxe3 Bxe3 26.
Rxe3 Rf8+ 27. Rf3 Rxf3+ 28. Bxf3 Rf8 0-1

[Event "Dundee & Angus Major"]
[Site "MyTown"]
[Date "2015.10.11"]
[Round "5"]
[White "Barron-Majerik, Jan"]
[Black "Birkett, Callum"]
[Result "0-1"]
[WhiteElo "1472"]
[BlackElo "1229"]
[PlyCount "106"]
[EventDate "2015.10.14"]

{2MB. PentiumII
} 1. c4 e5 2. Nc3 Bc5 3. Nf3 Nc6 4. e3 d6 5. Be2 f5 6. d4 Bb4
7. dxe5 Bxc3+ 8. bxc3 dxe5 9. Qxd8+ Kxd8 10. Ba3 Ke8 11. Ng5 Nf6 12. Rd1 h6 13.
Nf3 Be6 14. O-O g5 15. Ne1 Na5 16. c5 Bxa2 17. Bb5+ c6 18. Be2 Bc4 19. Bxc4
Nxc4 20. Bc1 Ne4 21. Nf3 Nxc3 22. Rd3 Ne2+ 23. Kh1 e4 24. Rd4 Nxd4 25. Nxd4 Rf8
26. Rd1 Ke7 27. Bd2 a5 28. Bc3 a4 29. Rb1 Ra7 30. Rb4 Ne5 31. Nb5 Nd3 32. Nxa7
Nxb4 33. Bxb4 Ra8 34. Nb5 cxb5 35. c6+ Kd8 36. cxb7 Rb8 37. Bf8 Rxb7 38. Bxh6
g4 39. h4 a3 40. Kh2 Rf7 41. Bf4 a2 42. Be5 Ra7 43. Ba1 b4 44. Kg3 Ke7 45. h5
b3 46. Kf4 Kf7 47. Kxf5 Rb7 48. Bb2 Rd7 49. h6 Kg8 50. Kg6 Rd6+ 51. Kg5 Kh7 52.
Kxg4 Rd2 53. Bd4 b2 0-1

[Event "Dundee & Angus Major"]
[Site "?"]
[Date "2015.10.11"]
[Round "5"]
[White "Waddell, Alex"]
[Black "Heathwood, Richard"]
[Result "0-1"]
[WhiteElo "1380"]
[BlackElo "1510"]
[PlyCount "62"]

1. e4 e6 2. d3 b6 3. Nd2 Bb7 4. Ngf3 d6 5. g3 g6 6. Bg2 Bg7 7. O-O Ne7 8. Nb3
c5 9. Re1 O-O 10. c3 Nd7 11. Bg5 h6 12. Be3 Nf6 13. Nbd2 Ng4 14. Bf4 e5 15. Be3
Nxe3 16. Rxe3 d5 17. exd5 Nxd5 18. Re1 Re8 19. Nc4 Qc7 20. Qc2 Rad8 21. Rad1
Bc8 22. Nfd2 b5 23. Ne3 Nxe3 24. fxe3 Bf5 25. Be4 Bg4 26. Bf3 Be6 27. b3 c4 28.
d4 exd4 29. exd4 cxb3 30. axb3 Bxd4+ 31. Kg2 Qxc3 0-1

[Event "Dundee & Angus Major"]
[Site "?"]
[Date "2015.10.11"]
[Round "5"]
[White "Congalton, David"]
[Black "Banerjee, Subhayu"]
[Result "0-1"]
[WhiteElo "1364"]
[BlackElo "1258"]
[PlyCount "126"]

1. d4 Nf6 2. c4 d5 3. g3 c6 4. Bg2 e6 5. Nf3 Nbd7 6. O-O Bd6 7. Nc3 dxc4 8. Qc2
b5 9. Ne5 Nd5 10. Nxc6 Qc7 11. Nxd5 exd5 12. Bxd5 O-O 13. Ne7+ Bxe7 14. Bxa8
Bb7 15. Bf4 Qc6 16. Bxb7 Qxb7 17. Rad1 Nf6 18. e4 Nxe4 19. d5 Ng5 20. Bxg5 Bxg5
21. d6 h5 22. Qf5 h4 23. gxh4 Bxh4 24. Qh3 Bf6 25. Rb1 Qb6 26. d7 Bd4 27. Qf3
Rd8 28. Qg4 Qd6 29. Rbe1 Rxd7 30. Re8+ Kh7 31. Qh5+ Qh6 32. Qxh6+ Kxh6 33. Re2
Rc7 34. Rd1 Bf6 35. Kg2 a5 36. Rd5 Rb7 37. Re4 Bxb2 38. Rg4 Bf6 39. Rc5 c3 40.
Rc8 g6 41. Rc6 Be5 42. Re4 Rc7 43. Rxc7 Bxc7 44. Re2 b4 45. Kf1 a4 46. Ke1 b3
47. axb3 axb3 48. Kd1 Bf4 49. f3 Kh5 50. Rg2 g5 51. Re2 f6 52. Rg2 Kh4 53. Re2
Kh3 54. Rf2 c2+ 55. Rxc2 bxc2+ 56. Kxc2 Kxh2 57. Kd3 Kg3 58. Ke2 Kg2 59. Kd3
Kxf3 60. Kd4 g4 61. Kd5 g3 62. Ke6 Be5 63. Kf5 g2 0-1

[Event "Dundee & Angus Major"]
[Site "?"]
[Date "2015.10.11"]
[Round "5"]
[White "Connolly Sams, Lukah"]
[Black "Sanger, Jake"]
[Result "1/2-1/2"]
[WhiteElo "1205"]
[BlackElo "1345"]
[PlyCount "27"]

1. d4 e6 2. c4 d5 3. Nc3 Nf6 4. Nf3 Nbd7 5. Bf4 c6 6. a3 a5 7. e3 Be7 8. Be2
O-O 9. O-O b6 10. Qc2 Ba6 11. b3 Qc8 12. Rfc1 Qb7 13. Qd2 Rac8 14. h3 $11
1/2-1/2

[Event "Dundee & Angus Major"]
[Site "?"]
[Date "2015.10.11"]
[Round "5"]
[White "Armstrong, Kevin"]
[Black "Pearson, Walter"]
[Result "1/2-1/2"]
[WhiteElo "1353"]
[BlackElo "1478"]
[PlyCount "100"]

1. d4 d5 2. c4 e6 3. Nf3 Nf6 4. Nc3 Nbd7 5. Bg5 Be7 6. Bxf6 Nxf6 7. e3 a6 8.
Qb3 O-O 9. g3 dxc4 10. Qxc4 b5 11. Qd3 Bb7 12. Bg2 c5 13. O-O c4 14. Qe2 Nd5
15. Rfc1 Nb4 16. a3 Nd3 17. Rc2 f6 18. Ne1 Bxg2 19. Kxg2 Nxe1+ 20. Rxe1 Ra7 21.
Qf3 Qa8 22. Rec1 Qxf3+ 23. Kxf3 Bd6 24. Ne4 Be7 25. Ke2 Rc8 26. f4 f5 27. Nd2
Rd8 28. Nf3 h6 29. Ne5 Rd6 30. h3 Rb6 31. a4 g5 32. axb5 axb5 33. b3 Ba3 34.
Rb1 cxb3 35. Rxb3 Bf8 36. Rcb2 b4 37. Kd3 Ra1 38. Rb1 Rxb1 39. Rxb1 Ra6 40. Nd7
Be7 41. Nc5 Ra3+ 42. Ke2 Ra2+ 43. Kf3 Bxc5 44. dxc5 Rc2 $11 45. Rxb4 Rxc5 46.
Rb7 Rc8 47. Re7 Rc6 48. g4 fxg4+ 49. hxg4 Rb6 50. Kg3 Rd6 1/2-1/2

[Event "Dundee & Angus Minor"]
[Site "?"]
[Date "2015.10.09"]
[Round "1"]
[White "Paton, Lisa"]
[Black "Macmillan, Malcolm"]
[Result "0-1"]
[WhiteElo "993"]
[BlackElo "1271"]
[PlyCount "83"]
[EventDate "2015.??.??"]

1. d4 Nf6 2. Nf3 d5 3. c3 Nc6 4. Bf4 Bf5 5. e3 h6 6. h3 g5 7. Bh2 Bg7 8. Be2
Qc8 9. Ne5 Nd7 10. Nf3 O-O 11. O-O Rd8 12. Bd3 Bxd3 13. Qxd3 e5 14. Qe2 e4 15.
Nfd2 Nf6 16. g4 a6 17. Na3 b5 18. Nc2 h5 19. gxh5 Qxh3 20. f3 Qxh5 21. Qg2 exf3
22. Nxf3 Ne4 23. Bxc7 Re8 24. Bh2 Re6 25. Rae1 Rg6 26. Ne5 Bxe5 27. dxe5 g4 28.
Rf5 Qxf5 29. Rf1 Qh5 30. Bf4 Nxe5 31. Bxe5 Qxe5 32. Rf4 Qh5 33. Nd4 g3 34. Nf5
Qd1+ 35. Qf1 Qxf1+ 36. Kxf1 Re8 37. Nh4 Rf6 38. Rxf6 Nxf6 39. Nf5 Ne4 40. Nh4
Kh7 41. Ke2 Rg8 42. Ng2 0-1

[Event "Dundee & Angus Minor"]
[Site "?"]
[Date "2015.10.09"]
[Round "1"]
[White "Doris, Peter J"]
[Black "Mcmillan, Andrew"]
[Result "1-0"]
[WhiteElo "1256"]
[BlackElo "1022"]
[PlyCount "95"]
[EventDate "2015.??.??"]

1. Nf3 d5 2. d4 Nc6 3. e3 Bf5 4. c4 e6 5. Bd2 Nf6 6. Qb3 Rb8 7. Nc3 Be7 8. cxd5
exd5 9. Bb5 a6 10. Be2 O-O 11. O-O Re8 12. Nh4 Be6 13. Nf3 Ne4 14. Qd1 Nxd2 15.
Qxd2 Bb4 16. a3 Be7 17. b4 b5 18. Rfc1 Qd6 19. Bd3 Bg4 20. Ne1 Bg5 21. Nc2 Rbd8
22. Re1 Qf6 23. f4 Bh6 24. h3 Be6 25. Qf2 Bf5 26. Bxf5 Qxf5 27. Rad1 g6 28. g4
Qd7 29. Qf3 Ne7 30. e4 c6 31. e5 Qe6 32. Re2 f6 33. Rde1 Qf7 34. e6 Qf8 35. f5
g5 36. Na1 Nc8 37. Nb3 Re7 38. Nc5 Qe8 39. Nd7 Kg7 40. Qg3 Na7 41. Qc7 Nc8 42.
Qxc6 Na7 43. Qxa6 Rc8 44. Nxd5 Rc6 45. Qxa7 Rd6 46. Nxe7 Qxe7 47. Qc5 Kh8 48.
Rc1 1-0

[Event "Dundee & Angus Minor"]
[Site "Dundee"]
[Date "2015.10.09"]
[Round "1"]
[White "Dutta, Nandini"]
[Black "Bridges, David"]
[Result "1-0"]
[WhiteElo "972"]
[BlackElo "1240"]
[PlyCount "91"]
[EventDate "2015.??.??"]

{1024MB, Fritz12.ctg, Noble-PC} 1. e4 e5 2. Nf3 Nc6 3. Bb5 Nge7 4. d4 exd4 5.
Nxd4 Nxd4 6. Qxd4 a6 7. Ba4 c6 8. O-O d5 9. exd5 Qxd5 10. Be3 Qxd4 11. Bxd4 Nf5
12. Re1+ Be6 13. Bb6 Be7 14. Nd2 O-O 15. Bb3 Bxb3 16. Nxb3 Rae8 17. Rad1 f6 18.
Rd7 Bd6 19. Rd1 Rf7 20. Rxf7 Kxf7 21. g3 h5 22. h3 Re6 23. g4 hxg4 24. hxg4 Re2
25. gxf5 Be5 26. Rd7+ Kg8 27. Nd4 Bxd4 28. Bxd4 Rxc2 29. Rxb7 Rc1+ 30. Kg2 c5
31. Bc3 Rd1 32. Rb6 Rd5 33. Rxa6 Rxf5 34. a3 Kh7 35. b4 cxb4 36. axb4 g5 37.
Ra5 Rf4 38. b5 Kg6 39. b6 Re4 40. b7 Re8 41. Ra8 Rxa8 42. bxa8=Q f5 43. Qe8+
Kh6 44. Qh8+ Kg6 45. Qg7+ Kh5 46. Bf6 1-0

[Event "Dundee & Angus Minor"]
[Site "?"]
[Date "2015.10.09"]
[Round "1"]
[White "Shemilt, James Douglas"]
[Black "Smith, Mark J"]
[Result "1-0"]
[WhiteElo "865"]
[BlackElo "1178"]
[PlyCount "89"]
[EventDate "2015.??.??"]

1. d4 e6 2. c4 Nf6 3. Nc3 Bb4 4. Bd2 O-O 5. a3 Bxc3 6. Bxc3 b6 7. Nf3 d5 8. e3
Ba6 9. Ne5 Nbd7 10. Nc6 Qe8 11. Bb4 dxc4 12. Bxf8 Nxf8 13. Nb4 Bb7 14. f3 b5
15. b3 a5 16. Na2 Bd5 17. bxc4 Bxc4 18. Bxc4 bxc4 19. Rc1 Nd5 20. Nc3 Nxe3 21.
Qe2 Nf5 22. Qxc4 Qe7 23. Qc5 Qh4+ 24. Ke2 Nxd4+ 25. Kf1 Nb3 26. Qc6 Rd8 27. Rd1
Rxd1+ 28. Nxd1 Qd4 29. Qc2 a4 30. Ke2 Qe5+ 31. Kf2 Qc5+ 32. Qxc5 Nxc5 33. Nc3
Nfd7 34. Rd1 Kf8 35. Nxa4 Ke7 36. Nxc5 Nxc5 37. Ke3 f6 38. Rc1 Kd6 39. Kd4 Nd7
40. a4 c5+ 41. Kc3 Kd5 42. a5 e5 43. a6 Nb8 44. a7 Nc6 45. a8=Q 1-0

[Event "Dundee & Angus Minor"]
[Site "?"]
[Date "2015.10.09"]
[Round "1"]
[White "Newton, David"]
[Black "Mathieson, Robert"]
[Result "0-1"]
[WhiteElo "610"]
[BlackElo "1114"]
[PlyCount "44"]
[EventDate "2015.??.??"]

1. e3 e5 2. d4 e4 3. c3 d5 4. g3 Nf6 5. h3 Bd7 6. a4 c5 7. c4 Bc6 8. Qb3 dxc4
9. Bxc4 Qc7 10. Ne2 Bd6 11. O-O O-O 12. Nd2 Nbd7 13. f3 Nb6 14. f4 Qd7 15. Bb5
Qxh3 16. Kf2 cxd4 17. Nc4 dxe3+ 18. Bxe3 Nxc4 19. Bxc4 Ng4+ 20. Ke1 Nxe3 21.
Qxe3 Bb4+ 22. Kf2 Qh2# 0-1

[Event "Dundee & Angus Minor"]
[Site "?"]
[Date "2015.10.10"]
[Round "2"]
[White "Macmillan, Malcolm"]
[Black "Dutta, Nandini"]
[Result "1-0"]
[WhiteElo "1271"]
[BlackElo "972"]
[PlyCount "49"]
[EventDate "2015.??.??"]

1. d4 Nf6 2. Nc3 d5 3. Bg5 Ne4 4. Nxe4 dxe4 5. c4 c6 6. f3 h6 7. Be3 Bf5 8. b4
e5 9. a3 exd4 10. Qxd4 Qxd4 11. Bxd4 a5 12. g4 Bh7 13. c5 axb4 14. axb4 Rxa1+
15. Bxa1 Na6 16. Bc3 Be7 17. Bxg7 Bh4+ 18. Kd1 Rg8 19. Bc3 Ke7 20. Bg2 e3 21.
Nh3 h5 22. Nf4 hxg4 23. Nd3 Bxd3 24. exd3 e2+ 25. Kxe2 1-0

[Event "Dundee & Angus Minor"]
[Site "?"]
[Date "2015.10.10"]
[Round "2"]
[White "Mathieson, Robert"]
[Black "Doris, Peter J"]
[Result "0-1"]
[WhiteElo "1114"]
[BlackElo "1256"]
[PlyCount "130"]
[EventDate "2015.??.??"]

1. e4 e6 2. e5 d5 3. d4 c5 4. Bb5+ Bd7 5. Bxd7+ Qxd7 6. Nf3 Nc6 7. O-O cxd4 8.
Nxd4 Nxe5 9. Re1 Nc6 10. Nc3 g6 11. Nxc6 bxc6 12. Qd4 f6 13. Qe3 e5 14. Qf3 Bg7
15. Bd2 Ne7 16. Na4 O-O 17. Nc5 Qc8 18. b4 e4 19. Qh3 f5 20. Rab1 d4 21. Bh6
Nd5 22. Rb3 Nc3 23. Bxg7 Kxg7 24. a3 Re8 25. Kf1 Qc7 26. Qg3 Qxg3 27. hxg3 Rad8
28. Nb7 Rd5 29. Nc5 Kf6 30. Kg1 h5 31. Na6 Rc8 32. Nc5 Rb8 33. Kh2 Rh8 34. Kh3
Rb8 35. Na6 Rc8 36. Nc5 g5 37. Kh2 g4 38. Kg1 Rh8 39. Kf1 h4 40. gxh4 Rxh4 41.
Kg1 Rd8 42. f3 gxf3 43. gxf3 Rg8+ 44. Kf2 e3+ 45. Rxe3 Nd1+ 46. Ke2 Nxe3 47. b5
cxb5 48. Rxb5 Nxc2 49. a4 Re8+ 50. Kd3 Ne1+ 51. Kc4 Nxf3 52. Nd7+ Kg6 53. Kd3
Re3+ 54. Kc4 Rc3+ 55. Kb4 Rc7 56. Nc5 d3+ 57. Ka5 Rxc5 58. Rxc5 d2 59. Rd5 Rd4
60. Rb5 d1=Q 61. Ka6 Qxa4+ 62. Ra5 Rd6+ 63. Kb7 Qc6+ 64. Kb8 Qb6+ 65. Ka8 Rd8#
0-1

[Event "Dundee & Angus Minor"]
[Site "?"]
[Date "2015.10.10"]
[Round "2"]
[White "Shemilt, James Douglas"]
[Black "Dallas, Alastair P"]
[Result "1-0"]
[WhiteElo "865"]
[BlackElo "1129"]
[PlyCount "111"]
[EventDate "2015.??.??"]

1. d4 e6 2. c4 d5 3. e3 Nf6 4. Nc3 Bb4 5. Bd2 Bxc3 6. Bxc3 Ne4 7. Bd3 Qh4 8. g3
Qf6 9. Bxe4 dxe4 10. Qg4 Qg6 11. Qf4 Na6 12. b4 Qf5 13. Qh4 g5 14. Qh3 g4 15.
Qh4 Rg8 16. h3 Bd7 17. hxg4 Rxg4 18. Qxh7 O-O-O 19. Qxf5 exf5 20. b5 Nb8 21. d5
Rf8 22. a4 b6 23. a5 Rg6 24. axb6 axb6 25. Ra7 f6 26. Bb4 Rfg8 27. d6 c6 28.
Rc7+ Kd8 29. bxc6 Bxc6 30. c5 Na6 31. Rxc6 Nxb4 32. Rxb6 Nd3+ 33. Kd2 Nxc5 34.
Ne2 Kd7 35. Rc1 Ne6 36. Nd4 Nxd4 37. exd4 Rc8 38. Rb7+ Kd8 39. Rh1 Rg8 40. Rhh7
Ra8 41. Rhd7+ Ke8 42. Rdc7 Kd8 43. Rf7 Ra2+ 44. Kc3 Ra3+ 45. Kb4 Ra8 46. Ra7
Rb8+ 47. Rfb7 Rxb7+ 48. Rxb7 Rg6 49. Kc5 e3 50. Kc6 Ke8 51. d7+ Ke7 52. fxe3
Rxg3 53. Rb8 Rg2 54. d8=Q+ Kf7 55. Rb7+ Kg6 56. Qe8+ 1-0

[Event "Dundee & Angus Minor"]
[Site "Dundee"]
[Date "2015.10.10"]
[Round "2"]
[White "McLeod, Robert"]
[Black "Mathieson, Liam"]
[Result "0-1"]
[WhiteElo "1043"]
[BlackElo "786"]
[PlyCount "100"]
[EventDate "2015.??.??"]

{1024MB, Fritz12.ctg, Noble-PC} 1. d4 d5 2. Nf3 Nf6 3. h3 c6 4. e3 Bf5 5. Bd3
Bxd3 6. Qxd3 e6 7. Nbd2 Bd6 8. O-O h5 9. e4 Ng4 10. e5 Bc7 11. Re1 Nd7 12. Nf1
a6 13. Bf4 Ba5 14. c3 Bc7 15. hxg4 hxg4 16. N3h2 Qh4 17. Bg3 Qh6 18. Ne3 f5 19.
Nxf5 exf5 20. Qxf5 O-O-O 21. Qxg4 Rh7 22. f4 Qh5 23. Qxh5 Rxh5 24. Nf3 c5 25.
e6 Nf6 26. e7 Re8 27. Re6 cxd4 28. cxd4 Kd7 29. Rae1 Ne4 30. R6xe4 dxe4 31.
Rxe4 Rxe7 32. Rxe7+ Kxe7 33. Kf2 Ke8 34. Ng5 Bb6 35. Ke3 Bd8 36. Ne6 Bf6 37. b3
Rh6 38. Nc7+ Kd7 39. Nd5 Rg6 40. Nxf6+ gxf6 41. Kf3 f5 42. Bf2 Rc6 43. Be1 Rc1
44. Bb4 Rc2 45. a3 Rb2 46. g4 Rxb3+ 47. Kg2 fxg4 48. f5 Rd3 49. f6 Ke6 50. d5+
Kxf6 0-1

[Event "Dundee & Angus Minor"]
[Site "?"]
[Date "2015.10.10"]
[Round "2"]
[White "Ridge, Benjamin"]
[Black "Birkett, Derek"]
[Result "1-0"]
[WhiteElo "794"]
[BlackElo "1032"]
[PlyCount "65"]
[EventDate "2015.??.??"]

1. Nc3 e5 2. Nf3 Nc6 3. d4 Bd6 4. e4 h6 5. Bb5 Nge7 6. Bc4 a6 7. O-O b5 8. Bb3
Bb7 9. d5 Na5 10. Ne1 Nxb3 11. axb3 O-O 12. Qg4 Ng6 13. Nf3 f6 14. Qxg6 Rf7 15.
Nh4 f5 16. Nxf5 Qf6 17. Nxh6+ Kf8 18. Qxf7+ Qxf7 19. Nxf7 Kxf7 20. f4 exf4 21.
Bxf4 Bc5+ 22. Be3+ Kg6 23. Bxc5 d6 24. Bd4 c6 25. Rf4 c5 26. Be3 Re8 27. Rg4+
Kh7 28. Rf1 Bc8 29. Rgf4 b4 30. Ne2 a5 31. Ng3 g5 32. Rf7+ Kg6 33. R1f6# 1-0

[Event "Dundee & Angus Minor"]
[Site "?"]
[Date "2015.10.10"]
[Round "2"]
[White "Dabholkar, Atharva"]
[Black "Morrison, John"]
[Result "1-0"]
[WhiteElo "933"]
[BlackElo "974"]
[PlyCount "95"]
[EventDate "2015.??.??"]

1. d4 d5 2. c4 c6 3. cxd5 cxd5 4. Nc3 Nf6 5. Bg5 e6 6. Nf3 Be7 7. e3 O-O 8. Bd3
Nc6 9. a3 Nd7 10. Bf4 Nf6 11. O-O h6 12. Qd2 Na5 13. Qc2 Nc6 14. Rfd1 Bd6 15.
Bxd6 Qxd6 16. h3 e5 17. dxe5 Nxe5 18. Be2 Be6 19. Nxe5 Qxe5 20. Rd4 Rfd8 21.
Bf3 Rd7 22. Rad1 Rad8 23. R1d2 a6 24. Qd1 Qg5 25. Kh2 Qe5+ 26. g3 Qf5 27. Bg2
Qe5 28. Qe2 Kf8 29. f3 Qc7 30. Rc2 Nh5 31. f4 Nf6 32. e4 Qb6 33. Rcd2 dxe4 34.
Rxd7 Rxd7 35. Rxd7 Bxd7 36. Nxe4 Nxe4 37. Bxe4 Qe6 38. Qg2 Bc6 39. Bxc6 Qxc6
40. Qxc6 bxc6 41. Kg2 Ke7 42. Kf3 Kd6 43. Ke4 Ke6 44. Kd4 Kd6 45. b4 f6 46. f5
Kd7 47. Kc5 Kc7 48. g4 1-0

[Event "Dundee & Angus Minor"]
[Site "?"]
[Date "2015.10.10"]
[Round "2"]
[White "Bridges, David"]
[Black "Hegde, Aditya"]
[Result "1-0"]
[WhiteElo "1240"]
[BlackElo "478"]
[PlyCount "61"]
[EventDate "2015.??.??"]

1. d4 d5 2. c4 e6 3. Nc3 Nf6 4. Nf3 Bb4 5. Qc2 Nc6 6. a3 Bxc3+ 7. Qxc3 O-O 8.
e3 dxc4 9. Bxc4 Ne4 10. Qc2 Nd6 11. Bd3 g6 12. O-O e5 13. dxe5 Nf5 14. b4 Nh4
15. Nxh4 Qxh4 16. Bb2 Qg5 17. f4 Qg4 18. h3 Qg3 19. Rf3 Qh4 20. Qc3 g5 21. e6
f6 22. Bc4 g4 23. e7+ Kg7 24. exf8=Q+ Kxf8 25. hxg4 Bxg4 26. g3 Qh5 27. Qxf6+
Ke8 28. Rf2 Bf3 29. Rh2 Qg4 30. Kf2 Rd8 31. Qf7# 1-0

[Event "Dundee & Angus Minor"]
[Site "?"]
[Date "2015.10.10"]
[Round "2"]
[White "Smith, Mark J"]
[Black "Paton, Lisa"]
[Result "1-0"]
[WhiteElo "1178"]
[BlackElo "993"]
[PlyCount "95"]
[EventDate "2015.??.??"]

1. e4 d5 2. exd5 Qxd5 3. Nc3 Qa5 4. d4 c6 5. Bc4 Nf6 6. Nf3 Bg4 7. O-O e6 8.
Re1 Bd6 9. h3 Bh5 10. Qe2 O-O 11. Bxe6 Qc7 12. Bb3 Nbd7 13. d5 Rae8 14. Be3 Bf4
15. Qc4 Bxf3 16. Bxf4 Qxf4 17. Qxf4 Bxd5 18. Re3 Bxb3 19. axb3 a6 20. Rae1 h6
21. Ne4 Nd5 22. Qf5 Nxe3 23. Rxe3 Rd8 24. Nd6 g6 25. Qf4 g5 26. Qf5 Nb6 27.
Nxb7 Rd1+ 28. Kh2 Nd5 29. Rd3 Re1 30. Qd7 Rfe8 31. Rxd5 cxd5 32. Qxd5 R1e5 33.
Qf3 Re2 34. Nd6 R8e7 35. Nf5 R7e6 36. Nxh6+ Kh7 37. Nxf7 Kg6 38. Nd8 Re7 39.
Qc6+ Kg7 40. Qxa6 Rxf2 41. Qc6 Rf6 42. Qd5 Kg6 43. Qg8+ Rg7 44. Qe8+ Kf5 45.
Qb5+ Kg6 46. Qd3+ Kh6 47. Qd4 Rgg6 48. Qd7 1-0

[Event "Dundee & Angus Minor"]
[Site "?"]
[Date "2015.10.10"]
[Round "2"]
[White "Milton, Sean"]
[Black "Dutta, Oishani"]
[Result "0-1"]
[WhiteElo "1129"]
[BlackElo "840"]
[PlyCount "78"]
[EventDate "2015.??.??"]

1. b4 e5 2. Bb2 d6 3. b5 Nf6 4. e3 Be7 5. Qf3 Nbd7 6. Nc3 O-O 7. Ne4 c6 8. a4
Qc7 9. c4 d5 10. Nxf6+ Nxf6 11. Qg3 Bd6 12. Ba3 Bxa3 13. Rxa3 Qe7 14. Rb3 d4
15. Nf3 dxe3 16. dxe3 Nd7 17. Be2 Nc5 18. Ra3 Ne4 19. Qxe5 Qxa3 20. Qxe4 Qc1+
21. Bd1 Rd8 22. O-O Qxd1 23. Nd4 Qg4 24. Qe7 Be6 25. h3 Qg6 26. Rc1 Bxh3 27. g3
Re8 28. Qxb7 Qe4 29. Qxc6 Qxc6 30. Nxc6 Bd7 31. Nd4 a6 32. b6 Bxa4 33. c5 Rab8
34. Rb1 Rec8 35. Rc1 g6 36. Kf1 Bb5+ 37. Ke1 Rxb6 38. cxb6 Rxc1+ 39. Kd2 Rc8
0-1

[Event "Dundee & Angus Minor"]
[Site "?"]
[Date "2015.10.10"]
[Round "2"]
[White "Mcmillan, Andrew"]
[Black "Newton, David"]
[Result "1-0"]
[WhiteElo "1022"]
[BlackElo "610"]
[PlyCount "43"]
[EventDate "2015.??.??"]

1. e4 d5 2. exd5 Qxd5 3. Nc3 Qe6+ 4. Be2 Nc6 5. d4 Qg6 6. Bf3 Nb4 7. Be4 Bf5 8.
Qe2 Nf6 9. Qb5+ Nc6 10. Bxc6+ bxc6 11. Qxc6+ Kd8 12. Qxa8+ Kd7 13. Nge2 c6 14.
Qxa7+ Kd6 15. Nf4 Qg5 16. Qb8+ Kd7 17. Qa7+ Kd6 18. Qc5+ Kd7 19. O-O e6 20.
Qa7+ Kd6 21. Ng6 Qxg6 22. Bf4+ 1-0

[Event "Dundee & Angus Minor"]
[Site "?"]
[Date "2015.10.10"]
[Round "3"]
[White "Mathieson, Liam"]
[Black "Macmillan, Malcolm"]
[Result "0-1"]
[WhiteElo "786"]
[BlackElo "1271"]
[PlyCount "104"]
[EventDate "2015.??.??"]

1. d4 d5 2. e4 dxe4 3. f3 exf3 4. Nxf3 Nf6 5. Bc4 c6 6. h4 Bg4 7. Ne5 Be6 8.
Bxe6 fxe6 9. Bg5 Nbd7 10. Bxf6 Nxf6 11. Nc3 g6 12. Qf3 Qc7 13. Ne4 Bg7 14. Nc5
Qd8 15. g4 O-O 16. O-O-O Nd7 17. Qd3 Nxc5 18. dxc5 Bxe5 19. h5 Bf4+ 20. Kb1 g5
21. h6 e5 22. Qc4+ Rf7 23. Rhg1 Qf8 24. a3 Qxh6 25. Rd7 Qf8 26. Rgd1 Kg7 27.
Qd3 e6 28. b4 Rxd7 29. Qxd7+ Qf7 30. Qd3 Rf8 31. Rh1 Qg6 32. Qd7+ Rf7 33. Qd1
b6 34. cxb6 axb6 35. Qd6 e4 36. Qd4+ e5 37. Qxb6 e3 38. Qa6 Qe4 39. Re1 Bg3 40.
Re2 Qxg4 41. Rxe3 Qd1+ 42. Kb2 Qd4+ 43. Rc3 Be1 44. Qxc6 Bxc3+ 45. Qxc3 Qxc3+
46. Kxc3 g4 47. b5 g3 48. b6 g2 49. a4 g1=Q 50. Kb2 Qxb6+ 51. Ka3 Rb7 52. Ka2
Qb2# 0-1

[Event "Dundee & Angus Minor"]
[Site "?"]
[Date "2015.10.10"]
[Round "3"]
[White "Doris, Peter J"]
[Black "Shemilt, James Douglas"]
[Result "1/2-1/2"]
[WhiteElo "1256"]
[BlackElo "865"]
[PlyCount "89"]
[EventDate "2015.??.??"]

1. Nf3 d5 2. g3 Nf6 3. d4 e6 4. c4 Bb4+ 5. Bd2 Bxd2+ 6. Nbxd2 c6 7. b3 b6 8.
Bg2 O-O 9. O-O c5 10. dxc5 bxc5 11. Ne5 Qd6 12. Nd3 Nbd7 13. cxd5 Nxd5 14. Nc4
Qc7 15. e4 N5b6 16. e5 Bb7 17. Bxb7 Qxb7 18. Nd6 Qd5 19. f4 f6 20. Nb5 Qc6 21.
a4 a6 22. Nc3 c4 23. bxc4 Nxc4 24. Qf3 Qb6+ 25. Qf2 Qxf2+ 26. Rxf2 fxe5 27. Re1
exf4 28. Nxf4 e5 29. Nfd5 Rxf2 30. Kxf2 Nc5 31. Rb1 e4 32. Ne7+ Kf7 33. Nf5 Kf6
34. Ne3 Nxe3 35. Kxe3 Ke5 36. Rd1 Nd3 37. Nxe4 Nb2 38. Rd4 Rc8 39. Rb4 Rc4 40.
Rxc4 Nxc4+ 41. Kf3 Nb2 42. Nc5 a5 43. Ke3 Kd5 44. Nb7 Nxa4 45. Nxa5 1/2-1/2

[Event "Dundee & Angus Minor"]
[Site "?"]
[Date "2015.10.10"]
[Round "3"]
[White "White, Geoffrey"]
[Black "Bridges, David"]
[Result "1-0"]
[WhiteElo "1104"]
[BlackElo "1240"]
[PlyCount "95"]
[EventDate "2015.??.??"]

1. g4 e5 2. Bg2 d6 3. h3 Ne7 4. c3 g6 5. b4 Bg7 6. e4 O-O 7. h4 b6 8. d3 Bb7 9.
Qb3 Nd7 10. g5 c5 11. a4 cxb4 12. cxb4 Rc8 13. Nc3 Nc6 14. h5 Nd4 15. Qa2 Kh8
16. Qb2 Rg8 17. Nge2 Nxe2 18. Kxe2 Bf8 19. Rh3 Be7 20. f4 f6 21. hxg6 Rxg6 22.
f5 Rg7 23. g6 Qc7 24. Bd2 Nb8 25. Bh6 Rgg8 26. g7+ Rxg7 27. Bxg7+ Kxg7 28. Kd2
Kh8 29. Rah1 Bf8 30. Rxh7+ Qxh7 31. Rxh7+ Kxh7 32. Qb3 Bh6+ 33. Ke2 Rg8 34. Bf3
Nc6 35. Qf7+ Rg7 36. Qxf6 Nd4+ 37. Kf2 Bf4 38. Ne2 Nc2 39. Nxf4 exf4 40. Qh4+
Kg8 41. Qxf4 Nxb4 42. Qxd6 Nc6 43. e5 Na5 44. f6 Rf7 45. Bh5 Rf8 46. f7+ Kg7
47. Qg6+ Kh8 48. Qh6# 1-0

[Event "Dundee & Angus Minor"]
[Site "?"]
[Date "2015.10.10"]
[Round "3"]
[White "Dutta, Nandini"]
[Black "Smith, Mark J"]
[Result "0-1"]
[WhiteElo "972"]
[BlackElo "1140"]
[PlyCount "62"]
[EventDate "2015.??.??"]

1. e4 e5 2. Nf3 Nc6 3. Bb5 a6 4. Ba4 Nf6 5. O-O b5 6. Bb3 Be7 7. Re1 O-O 8. c3
d5 9. exd5 Nxd5 10. Nxe5 Nxe5 11. Rxe5 c6 12. d4 Bd6 13. Re1 Qh4 14. g3 Qh3 15.
Qf3 Bg4 16. Qg2 Qh5 17. Bd1 Bxd1 18. f3 Bxf3 19. Qf1 Rae8 20. Bd2 Re6 21. Na3
Rfe8 22. c4 Re2 23. Rxe2 Rxe2 24. Qxe2 Bxe2 25. cxd5 cxd5 26. Rc1 h6 27. Re1
Qg4 28. Kf2 Qf3+ 29. Kg1 Bxg3 30. Rxe2 Qxe2 31. hxg3 Qxd2 0-1

[Event "Dundee & Angus Minor"]
[Site "?"]
[Date "2015.10.10"]
[Round "3"]
[White "Dallas, Alastair P"]
[Black "Mcmillan, Andrew"]
[Result "1-0"]
[WhiteElo "1129"]
[BlackElo "1022"]
[PlyCount "53"]
[EventDate "2015.??.??"]

1. e4 e5 2. Nc3 Nf6 3. Nf3 Nc6 4. Bc4 Nxe4 5. d3 Nf6 6. O-O Bc5 7. Ne4 Nxe4 8.
dxe4 d6 9. Ng5 O-O 10. Qh5 h6 11. Nxf7 Rxf7 12. Qxf7+ Kh7 13. Be2 Qh4 14. Bh5
Qxe4 15. c3 Be6 16. Qxe6 Rf8 17. Bf3 Qh4 18. Be3 Rf6 19. Qd5 Bxe3 20. Qd3+ Kh8
21. Qxe3 Rg6 22. Qe4 Qg5 23. h4 Qf6 24. Bh5 Rxg2+ 25. Kxg2 Ne7 26. Qf3 Nf5 27.
Rh1 1-0

[Event "Dundee & Angus Minor"]
[Site "?"]
[Date "2015.10.10"]
[Round "3"]
[White "Mcculloch, Andrew"]
[Black "Hartman, James"]
[Result "1/2-1/2"]
[WhiteElo "1125"]
[BlackElo "1003"]
[PlyCount "79"]
[EventDate "2015.??.??"]

1. d4 d5 2. c4 e6 3. Nc3 Nf6 4. Bg5 Bb4 5. e3 Nc6 6. Nf3 b6 7. Bd3 dxc4 8. Bxc4
O-O 9. O-O Bb7 10. Qc2 Ne7 11. Bxf6 gxf6 12. a3 Bd6 13. Be2 Kh8 14. Rad1 Rg8
15. g3 Qf8 16. Ne4 Bxe4 17. Qxe4 f5 18. Qd3 Qh6 19. Ne5 Bxe5 20. dxe5 Qh3 21.
Bf3 Rad8 22. Qb3 Rxd1 23. Qxd1 Rg6 24. Bg2 Qg4 25. Qd8+ Ng8 26. Qd1 Qg5 27. f4
Qe7 28. Kf2 Nh6 29. h3 f6 30. Re1 fxe5 31. fxe5 Qg5 32. Qf3 Nf7 33. Qf4 Kg7 34.
Rd1 Qe7 35. Bf3 Ng5 36. Bg2 Rh6 37. Rh1 Kg6 38. Ke2 Qc5 39. Qd4 Qb5+ 40. Kf2
1/2-1/2